LEADER 01064nam0-22002771i-450 001 990005330330403321 005 20231214150503.0 035 $a000533033 035 $aFED01000533033 035 $a(Aleph)000533033FED01 035 $a000533033 100 $a19990530f---0---9km-y0itay50------ba 101 0 $aita 105 $af-------00--- 200 1 $a<>grande Acroterio femminile di veio . Contibuto allo studio dei rapporti figurativi tra Grecia ed Etruria in eta Arcaica$fMassimo Pallottino 210 $aSan Casciano Val di Pesa$cOff. Graf. F.lli Stianti$ds.d. 215 $aP.123-179, 20 tav.$d25 cm 300 $aEstratto dalla Rivista Archeologia Classica, Vol.II, fasc. 2 700 1$aPallottino,$bMassimo$f<1909-1995>$06753 801 0$aIT$bUNINA$gRICA$2UNIMARC 901 $aBK 912 $a990005330330403321 952 $aARCH. BM MISC. 109 (06)$bARCH. 14549$fFLFBC 959 $aFLFBC 996 $aGrande Acroterio femminile di veio . Contibuto allo studio dei rapporti figurativi tra Grecia ed Etruria in eta Arcaica$9597529 997 $aUNINA